Managing digital resources in libraries/ (Record no. 153094)

MARC details
000 -LEADER
fixed length control field 00672nam a22001937a 4500
005 - DATE AND TIME OF LATEST TRANSACTION
control field 20180626120849.0
010 ## - LCCN (DPL NO)
LC control number B-161013
020 ## - INTERNATIONAL STANDARD BOOK NUMBER
International Standard Book Number 9780789024039
035 ## - SYSTEM CONTROL NUMBER
System control number B-161013
037 ## - SOURCE OF ACQUISITION
Stock number dpl
Source of stock number/acquisition Howorth Information Press
082 ## - DEWEY DECIMAL CLASSIFICATION NUMBER
Classification number 025.00285
245 ## - TITLE STATEMENT
Title Managing digital resources in libraries/
Statement of responsibility, etc edited by Audrey Fenner
260 ## - PUBLICATION, DISTRIBUTION, ETC. (IMPRINT)
Place of publication, distribution, etc Binghamton
Name of publisher, distributor, etc Howorth Information Press
Date of publication, distribution, etc 2005
270 ## - ADDRESS
Address 10 Alice street
City Binghamton
Postal code NY 13904-1580
300 ## - PHYSICAL DESCRIPTION
Extent 186p.
Dimensions 21cm(Pb)
700 ## - ADDED ENTRY--PERSONAL NAME
Personal name Audrey Fenner
942 ## - ADDED ENTRY ELEMENTS (KOHA)
Source of classification or shelving scheme Dewey Decimal Classification
Item type English Books
Classification part 025.00285
Call number suffix MAN
Holdings
Withdrawn status Lost status Not for loan Collection code Home library Current library Date acquired Full call number Barcode Koha item type
      Non-fiction Sarojini Nagar Sarojini Nagar 26/06/2018 025.00285 MAN B-161013 English Books

© Delhi Public Library
Hit Counter
free hit counter